banner-ar

ابحاث الندوة ووقائعها / (Record no. 37915)

MARC details
000 -الفاتح
حقل البيانات ثابتة الطول 00420nam a2200133Ia 4500
008 - عناصر البيانات ثابتة الطول - معلومات عامة
حقل البيانات ثابتة الطول 140319s9999 xx 000 0 ara d
040 ## - مصدر الفهرسة
وكالة الفهرسة الأصلية GCL /
وكالة النسخ GCL
082 04 - رقم تصنيف ديوى العشرى
رقم التصنيف 811.9
رقم المادة م ا
100 1# - المدخل الرئيسى - إسم شخصى
الإسم الشخصى مجموعة من المتخصصين
245 10 - بيان العنوان
العنوان ابحاث الندوة ووقائعها /
بيان المسئوليه,etc مجموعة من المتخصصين
300 ## - الوصف المادى
التعداد 680 ص
490 ## - بيان السلسلة
عنوان السلسلة دورة محمود سامى البارودى
رقم المجلد/ التعيين التسلسلي 0
Holdings
حالة التراجع حالة الفقد حالة تلف ليس للاعارة المكان المؤقت الموقع الحالى تاريخ الاكتساب اجمالي اﻻعارات رقم الطلب الباركود تاريخ اخر مشاهدة تاريخ تفعيل السعر نوع وعاء كوها
        مكتبة القاهرة الكبرى مكتبة القاهرة الكبرى 03/26/2014   811.9\م ا 92661 03/26/2014 03/26/2014 كتاب
        مكتبة القاهرة الكبرى مكتبة القاهرة الكبرى 03/26/2014   811.9\م ا 92662 03/26/2014 03/26/2014 كتاب
        مكتبة القاهرة الكبرى مكتبة القاهرة الكبرى 03/26/2014   811.9\م ا 92663 03/26/2014 03/26/2014 كتاب
        مكتبة القاهرة الكبرى مكتبة القاهرة الكبرى 03/26/2014   811.9\م ا 92664 03/26/2014 03/26/2014 كتاب

Powered By

EGPV